000 00326nam a22001457a 4500
003 SGT
020 _a9780367139049
082 _a624,KAT
100 _aKATZENBACH
245 _aFOUNDATION SYSTEMS FOR HIGR RISE STRUCTURES
260 _aNEW YORK
_bCRC PRESS
_c2017
300 _a298
650 _aCIVIL ENG.
942 _2ddc
_cBK
999 _c25852
_d25852